书目信息 |
| 题名: |
微弱信号检测 第二版
|
|
| 作者: | 曾庆勇 编著 | |
| 分册: | ||
| 出版信息: | 杭州 浙江大学出版社 1986.11 |
|
| 页数: | 274页 | |
| 开本: | 16开 | |
| 丛书名: | ||
| 单 册: | ||
| 中图分类: | TN911.23 | |
| 科图分类: | ||
| 主题词: | 通信理论 | |
| 电子资源: | ||
| ISBN: | 7-308-01273-5 | |
| 000 | 00574nam0 2200193 45 | |
| 001 | 0010071521 | |
| 005 | 20001007154522.7 | |
| 010 | @a7-308-01273-5@d18.00元 | |
| 100 | @a20001007d1986 km y0chiy0120 ea | |
| 101 | 0 | @achi |
| 105 | @a z 000yy | |
| 200 | 1 | @a微弱信号检测 第二版@AWei Ruo Xin Hao Jian Ce Di Er Ban@f曾庆勇编著@FCeng Qing Yong Bian Zhu |
| 210 | @a杭州@c浙江大学出版社@d1986.11 | |
| 215 | @a274页@d16开 | |
| 606 | 0 | @a通信理论 |
| 690 | @aTN911.23@v3 | |
| 701 | 0 | @a曾庆勇@4编著 |
| 801 | @aCN@bPftUser@c20001007 | |
| 905 | @a?b170968-972@dTN911.23@eZ922=2@f5 | |
| 微弱信号检测 第二版/曾庆勇编著.-杭州:浙江大学出版社,1986.11 |
| 274页;16开 |
| ISBN 7-308-01273-5:18.00元 |
| ● |
| 相关链接 |
|
|
|
正题名:微弱信号检测第二版
索取号:TN911.23/Z922=2
 
预约/预借
| 序号 | 登录号 | 条形码 | 馆藏地/架位号 | 状态 | 备注 |
| 1 | 170968 | 201709687 | 自科二线504/504自科库 8排4列4层/ [索取号:TN911.23/Z922=2] | 在馆 | |
| 2 | 170969 | 201709696 | 自科二线400A/400A自科库 1排2列6层/ [索取号:TN911.23/Z922=2] | 在馆 | |
| 3 | 170970 | 201709703 | 自科二线504/504自科库 8排4列4层/ [索取号:TN911.23/Z922=2] | 在馆 | |
| 4 | 170971 | 201709712 | 自科二线504/504自科库 8排4列4层/ [索取号:TN911.23/Z922=2] | 在馆 | |
| 5 | 170972 | 201709721 | 自科二线504/504自科库 8排4列4层/ [索取号:TN911.23/Z922=2] | 在馆 |